Statistics for NFL Super Bowl Champions

Click here to take the quiz!

General Stats

  • This quiz has been taken 1,351 times
    (1,012 since last reset)
  • The average score is 47 of 54

Answer Stats

YearTeam% Correct
2002 | 2004 | 2005 | +3 othersNew England Patriots
97%
1970 | 2020Kansas City Chiefs
94%
1967 | 1968 | 1997 | 2011Green Bay Packers
93%
1998 | 1999 | 2016Denver Broncos
92%
1987 | 1991 | 2008 | 2012New York Giants
90%
1975 | 1976 | 1979 | +3 othersPittsburgh Steelers
90%
2014Seattle Seahawks
90%
1972 | 1978 | 1993 | +2 othersDallas Cowboys
89%
2018Philadelphia Eagles
89%
1982 | 1985 | 1989 | +2 othersSan Francisco 49ers
87%
2001 | 2013Baltimore Ravens
86%
1973 | 1974Miami Dolphins
85%
2010New Orleans Saints
84%
1969New York Jets
84%
1986Chicago Bears
83%
2003Tampa Bay Buccaneers
82%
2007Indianapolis Colts
81%
1977 | 1981Oakland Raiders
77%
1983 | 1988 | 1992Washington Redskins
77%
2000St. Louis Rams
74%
1971Baltimore Colts
48%
1984Los Angeles Raiders
40%

Score Distribution

Percentile by Number Answered

Percent of People with Each Score

Your Score History

You have not taken this quiz since the last reset